| 000 | 00536nam a2200169 i 4500 | ||
|---|---|---|---|
| 001 | 36189 | ||
| 003 | ES-MaACL | ||
| 005 | 20230906155324.0 | ||
| 007 | t| | ||
| 008 | 030217s1969 sp ||||1| spa d | ||
| 100 | 1 |
_aBreton, Stanislas. _931632 |
|
| 245 | 1 | 3 |
_aLa mística de la Pasión _b: doctrina espiritual de San Pablo de la Cruz / _cStansilas Breton ; [versión de Herminio Gil]. |
| 260 |
_aBarcelona : _bHerder, _c1969. |
||
| 300 |
_a251 p. ; _c19 cm. |
||
| 700 | 1 |
_aGil, Herminio. _956732 |
|
| 852 |
_aES-MaACL _jC-51635 _bR.69191 |
||
| 999 |
_c36189 _d36189 |
||